00441 2200181 4500001002100000005001500021008004100036020001600077035001900093041000700112082000800119090001400127100001900141245003000160260003700190300001800227650001400245INLIS00000000001541520241224114929241224||||||||| | ||| |||| || |  a01.19.029-0 0010-1224015415 aid0 a525 a525 SHE a0 aSherly Affandy00aAda apa di Bumi ? Tsunami aJakartabErlangga For Kidsc2005 a32hlm;23x23cm 0aASTRONOMI